Statistics for First countries and states to...

Click here to take the quiz!

General Stats

  • This quiz has been taken 56 times
  • The average score is 12 of 26

Answer Stats

HintAnswer% Correct
First country to put man on the moonUSA
100%
First country with a red, white and blue flagNetherlands
84%
First country to win the football World CupUruguay
80%
First country to win Eurovision Song ContestSwitzerland
78%
First neutral countrySweden
74%
First country to send satellite to Mars on maiden voyageIndia
74%
First country to use paper moneyChina
70%
First county to ratify European constitutionItaly
68%
First country alphabeticallyAfghanistan
68%
First country to secede from the USSREstonia
64%
First country of the UK to employ more people in industry than agricultureWales
60%
First US state to join the UnionDelaware
58%
First country to decriminalise homosexualityRussia
50%
First US state to leave the UnionSouth Carolina
44%
First country to have new yearKiribati
36%
First Chrisitan countryArmenia
34%
First US state to abolish slaveryVermont
30%
First country to have a woman prime ministerSri Lanka
26%
First US state to abolish the death penaltyMichigan
22%
First US state to legalise abortionHawaii
18%
First country to have a non-royal woman head of stateTannu-Tuva
14%
First country to abolish the death penaltyVenezuela
10%
First country to be suspended from The CommonwealthNigeria
8%
First country to ban use of animals in circusesBolivia
8%
First country to have a mandatory DNA databaseKuwait
8%
First country to ban plastic bagsRwanda
6%

Score Distribution

Percentile by Number Answered

Percent of People with Each Score

Your Score History

You have not taken this quiz